00333nam a2200157Ia 4500008004100000041000800041100001900049245001900068250000800087260003000095300000800125365001200133500000900145520001200154650000900166230605s9999 xx 000 0 und d aeng aBellefonstaine aFarmers Market a3rd bSil verdale book wigston  a256 b421h15 a1741 aGeneral aM.M.